Τι ζητάει ο Σπάρτακος ; Γράμματα απ τη φυλακή
Αποθηκεύτηκε σε:
| Κύριος συγγραφέας: | |
|---|---|
| Άλλοι συγγραφείς: | |
| Μορφή: | Βιβλίο |
| Γλώσσα: | Greek German |
| Δημοσίευση: |
Αθήνα :
Ύψιλον / Βιβλία,
1982.
|
| Σειρά: | Μικρά βιβλία (Ύψιλον / Βιβλία)
2 |
| Θέματα: | |
| Ετικέτες: |
Προσθήκη ετικέτας
Δεν υπάρχουν, Καταχωρήστε ετικέτα πρώτοι!
|
MARC
| LEADER | 00000cam a2200000 i 4500 | ||
|---|---|---|---|
| 001 | 1/13721 | ||
| 008 | 980316s1982 gr | ||| |||| ||gre|| | ||
| 035 | |l 10019150 | ||
| 040 | |a GR-MyUa |b gre |e AACR2 | ||
| 041 | 1 | |a gre |h ger | |
| 082 | 7 | |a 335.43 |2 (23) | |
| 082 | 7 | |a 335.43092 |2 (22) | |
| 100 | 1 | |a Luxemburg, Rosa, |d 1871-1919. | |
| 245 | 1 | 0 | |a Τι ζητάει ο Σπάρτακος ; |b Γράμματα απ τη φυλακή / |c Ρόζα Λούξεμπουργκ ; μετάφραση και εισαγωγή του Α. Στίνα. |
| 260 | |a Αθήνα : |b Ύψιλον / Βιβλία, |c 1982. | ||
| 300 | |a 145 σ. ; |c 18 εκ. | ||
| 490 | 1 | |a (Μικρά βιβλία / Υψιλον/Βιβλία ; |v 2) | |
| 600 | 1 | 0 | |a Luxemburg, Rosa, |d 1871-1919 |x Correspondence. |
| 650 | 0 | |a Communism |z Germany |x History. | |
| 650 | 0 | |a Communists |z Germany. | |
| 700 | 1 | |a Στίνας, Άγις, |e trl | |
| 740 | 0 | |a Γράμματα από τη φυλακή | |
| 830 | 0 | |a Μικρά βιβλία (Ύψιλον / Βιβλία) |v 2 | |
| 852 | |a INST |b LESVOS |e 19980316 |h 335.43092 LUX |p 005100014745 |q 005100014745 |t BK |y 0 | ||
| 852 | |a INST |b SYROS |e 20210331 |h 335.43 LUX |p 005500014323 |q 005500014323 |t BK |y 0 | ||
| 901 | |a BIBL-1998-2 | ||
| 922 | |a 1ΕΛΗ |b 199802 |c ΚΠΣ/ΤΚ |d EMVASIS | ||
| 950 | |a 103-1998-02-03 | ||